000 00258nam a2200121Ia 4500
008 190216s9999||||xx |||||||||||||| ||und||
100 _aGurudeep Raj
245 0 _aPhase Rule
260 _bGoel Pub House
300 _a208
650 _aChemistry
942 _cBK
999 _c3206
_d3206